عرض عادي
عرض مارك
- Klerk, Arno de.
مدخل إسم شخص
001 - رقم الضبط
- حقل الضبط: 11914
003 - معرف رقم الضبط
- حقل الضبط: OSt
005 - تاريخ ووقت أخر عملية
- حقل الضبط: 20120423214409.0
008 - عناصر بيانات ثابتة الطول
- حقل تحكم ثابت الطول: 120423|||a|||||| | ||| d
040 ## - مصدر الفهرسة
- هيئة الفهرسة الأصلية: OSt
- وكالة الكتابة: OSt
100 ## - مدخل -- أسم شخص
- إسم شخص: Klerk, Arno de.
670 ## - بيانات المصدر موجوده
- الاستشهاد بالمصدر: Work cat.: (OSt)23800: Klerk, Arno de., Catalysis in the refining of Fischer-Tropsch syncrude /, c2010.
